| 000 | 01687cim a2200397 a 4500 | ||
|---|---|---|---|
| 001 | 5800890 | ||
| 005 | 20040105122343.0 | ||
| 007 | sd|fsngnnmmned | ||
| 008 | 990629s1996 flunnn i eng d | ||
| 010 | _a 99391212 | ||
| 020 |
_a9781558744240 _c155874424x |
||
| 020 | _a9781558744240 | ||
| 024 | 3 |
_a9781558744431 _d51195 |
|
| 028 | 0 | 2 |
_a9781558744431 _bHealth Communications |
| 035 | _a(OCoLC)36870171 | ||
| 040 |
_aEYH _cEYH _dDLC |
||
| 050 | 0 | 0 | _aSDA 84698 |
| 082 |
_221 _a158.12 _bCAN |
||
| 100 |
_aCanfield, Jack. _911383 |
||
| 130 | 0 |
_aChicken soup for the soul at work. _kSelections. _911384 |
|
| 245 | 1 | 0 |
_aChicken soup for the soul at work _bstories of courage, compassion & creativity in the workplace : storytelling at its best / _cby Jack Canfield ... [et al.]. |
| 260 |
_aUnited States : _bHealth Communications, _cc.1996. |
||
| 300 |
_a330p : _bill; _c21 cm. |
||
| 500 | _aCompact disc. | ||
| 520 | _aPresents excerpts from the collection of inspirational stories for employees seeking self-identity, independence, values, and spiritual grounding in the workplace. | ||
| 650 | 0 |
_aWork _xMoral and ethical aspects. _911385 |
|
| 650 | 0 |
_aInterpersonal relations _xMoral and ethical aspects. _911386 |
|
| 650 | 0 |
_aEmployees _xConduct of life. _911387 |
|
| 650 | 0 |
_aSpiritual life. _911388 |
|
| 650 | 0 |
_aInspiration _xAnecdotes. _911389 |
|
| 700 | 1 |
_aCanfield, Jack, _d1944- _911390 |
|
| 942 |
_2ddc _cBB |
||
| 999 |
_c13390 _d13390 |
||